UBT Library

MOTHERS DAUGHTERS IN NINTETEENTH CENTURY AMERICA (Record no. 60512)

000 -LEADER
fixed length control field 00347nam a22001457a 4500
008 - FIXED-LENGTH DATA ELEMENTS--GENERAL INFORMATION
fixed length control field 231124b ||||| |||| 00| 0 eng d
020 ## - INTERNATIONAL STANDARD BOOK NUMBER
International Standard Book Number 9780813108582
041 ## - LANGUAGE CODE
Language code of text/sound track or separate title eng
080 ## - UNIVERSAL DECIMAL CLASSIFICATION NUMBER
Universal Decimal Classification number 618
082 ## - DEWEY DECIMAL CLASSIFICATION NUMBER
Classification number 618THE
100 ## - Rafti
Rafti 15
101 ## - Shkurtesa
Shkurtesa GJINEK
245 ## - TITLE STATEMENT
Title MOTHERS DAUGHTERS IN NINTETEENTH CENTURY AMERICA
Statement of responsibility, etc THERIOT .M.N
942 ## - ADDED ENTRY ELEMENTS (KOHA)
Source of classification or shelving scheme
Item type Books
Holdings
Withdrawn status Lost status Source of classification or shelving scheme Damaged status Not for loan Collection code Permanent location Current location Date acquired Total Checkouts Full call number Barcode Date last seen Price effective from Koha item type
          Koleksioni i përgjithshem UBT - Lipjan UBT - Lipjan 11/24/2023   618THE 002-800070470 11/24/2023 11/24/2023 Books
UBT Library © 2015-2024. All rights reserved University Education for Business and Technology